|
|
|
|
| LEADER |
00000nab a2200000 a 4500 |
| 001 |
vtls008983934 |
| 003 |
SK-MaSNL |
| 005 |
20260318123755.0 |
| 008 |
070425c2006 xo wr p 000 c0ukr |
| 015 |
|
|
|a SNBRB2007/04
|
| 038 |
|
|
|a SVKPOCL
|
| 040 |
|
|
|a SVKPO
|b slo
|c SVKPO
|e AACR2
|
| 041 |
0 |
|
|a ukr
|
| 044 |
|
|
|a xo
|c SK
|
| 080 |
|
|
|a 316.4.063.34
|2 2001
|
| 080 |
|
|
|a 061.3
|2 2001
|
| 080 |
|
|
|a 327(437.6:477):061.3
|2 2001
|
| 245 |
0 |
0 |
|a Stratehuja transkordonnoji spivpraci
|c [avtor] jju
|
| 648 |
|
7 |
|a 23.11.2006
|2 svkpocl
|9 1295367
|
| 650 |
0 |
7 |
|a medzinárodná spolupráca
|2 svkpocl
|9 4911
|
| 650 |
0 |
7 |
|a medzinárodné vzťahy
|2 svkpocl
|9 3690
|
| 651 |
|
7 |
|a Slovensko
|2 svkpocl
|9 14231
|
| 651 |
|
7 |
|a Prešov (Slovensko)
|2 svkpocl
|9 17347
|
| 651 |
|
7 |
|a Ukrajina
|2 svkpocl
|9 168045
|
| 773 |
0 |
|
|t Nove žyttja
|g Roč. 56, č. 49-50 (2006), s. 5
|
| 852 |
|
|
|a SVKPO
|b KIS3GCP
|
| 958 |
|
|
|a UK
|
| 958 |
|
|
|a SK
|
| 958 |
|
|
|a UA
|
| 999 |
|
|
|c 2703921
|d 2705851
|